Triathlon Homes LLP v Stratford Village Development and Ors (Record no. 121899)
[ view plain ]
| 000 -LEADER | |
|---|---|
| fixed length control field | 00976naa a22002057a 4500 |
| 008 - FIXED-LENGTH DATA ELEMENTS--GENERAL INFORMATION | |
| fixed length control field | 230828e20240124xxk||||os||||o00| 0 eng d |
| 041 ## - LANGUAGE CODE | |
| Language code of text/sound track or separate title | eng |
| 245 ## - TITLE STATEMENT | |
| Title | Triathlon Homes LLP v Stratford Village Development and Ors |
| 260 ## - PUBLICATION INFORMATION | |
| Place of publication | [2024] UKFTT 26 (PC) |
| Publisher | First-Tier Tribunal Property Chamber |
| Date | 19 January 2024 |
| 520 ## - ABSTRACT | |
| Abstract | Other parties: Get Living PLC and East Village Management Limited. A remediation contribution order, in terms of the Building Safety Act 2022 s.124, could be made in respect of costs incurred before the commencement of the Act<br/> |
| 650 ## - KEYWORDS | |
| Keywords | BUILDING SAFETY ACT 2022 |
| 650 ## - KEYWORDS | |
| Keywords | CLADDING |
| 650 ## - KEYWORDS | |
| Keywords | FIRE SAFETY |
| 650 ## - KEYWORDS | |
| Keywords | JUDGMENT |
| 650 ## - KEYWORDS | |
| Keywords | LANDLORD AND TENANT ACT 1985 |
| 650 ## - KEYWORDS | |
| Keywords | REMEDIATION |
| 650 ## - KEYWORDS | |
| Keywords | REMEDIATION ORDERS |
| 651 ## - SUBJECT ADDED ENTRY--GEOGRAPHIC NAME | |
| Geographic name | United Kingdom |
| 856 ## - ONLINE RESOURCE | |
| Uniform Resource Identifier | https://www.judiciary.uk/wp-content/uploads/2024/01/Triathlon-Homes-LLP-v-Stratford-Villa-Development-Partnership-and-others-judgment.pdf |
| Public note | Available from FTT |
| Withdrawn status | Lost status | Damaged status | Koha normalized classification for sorting | Not for loan | Home library | Current library | Shelving location | Date acquired | Total Checkouts | Full call number | Date last seen | Price effective from | Koha item type |
|---|---|---|---|---|---|---|---|---|---|---|---|---|---|
| ONLINE_JUDGMENT | Virtual | Virtual | Online | 10/04/2024 | ONLINE JUDGMENT | 10/04/2024 | 10/04/2024 | Law report |